| 000 | 00345 a2200157 4500 | ||
|---|---|---|---|
| 001 | 188572 | ||
| 020 | _a85-7272-220-3 | ||
| 040 | _cMagnum | ||
| 100 | _aMachado, Ana Maria | ||
| 240 | 1 | 0 |
_aO menino e o maestro _lpor |
| 245 | 1 | 0 | _aO menino e o maestro |
| 300 | _a46 | ||
| 362 | 0 | _a2006 | |
| 697 | _aLITERATURA INFANTO-JUVENIL | ||
| 942 | _cBK | ||
| 999 |
_c188572 _d188572 |
||